| 000 | 01631nam a22003857a 4500 | ||
|---|---|---|---|
| 003 | EG-ScBUE | ||
| 005 | 20211028124037.0 | ||
| 008 | 100719s2007 ua a f b00| 0 ara ara d | ||
| 017 | _a2007 / 20613 | ||
| 020 | _a9774374797 | ||
| 040 |
_aEG-ScBUE _bara _erda _cEG-ScBUE _dEG-ScBUE |
||
| 041 | 1 |
_aara _heng |
|
| 082 | 0 | 4 |
_a792.028 _bك ر و _222 |
| 100 | 1 |
_916507 _aكروفورد، جيري ل.، _eمؤلف. |
|
| 240 | 1 | 0 |
_aActing in person and in style. _lArabic |
| 245 | 1 | 2 |
_aالتمثيل بشخص الممثل والتمثيل بالأسلوب / _cتأليف جيري ل. كروفورد ؛ ترجمة وتقديم أ. د. سامي صلاح ؛ مراجعة أ. د. نبيل راغب. |
| 264 | 1 |
_aالقاهرة : _bوزارة الثقافة، _c[2007] |
|
| 300 |
_a859 صفحة : _bإيضاحيات ؛ _c24 سم |
||
| 336 |
_2rdacontent _aنص _btxt |
||
| 337 |
_2rdamedia _aبدون وسيط _bn |
||
| 338 |
_2rdacarrier _aمجلد _bnc |
||
| 504 | _aيشتمل على إرجاعات ببليوجرافية. | ||
| 505 | 2 | _aالجزء الثاني. | |
| 541 |
_aألف باء ؛ _cشراء ؛ |
||
| 546 | _aالنص باللغة العربية وتم ترجمته من اللغة الإنجليزية. | ||
| 650 | 7 |
_916511 _aالتمثيل. _2BUEsh |
|
| 650 | 7 |
_916512 _aالتمثيل في المسرح. _2BUEsh |
|
| 650 | 7 |
_916513 _aالممثلون والممثلات. _2BUEsh |
|
| 651 | _2BUEsh | ||
| 653 |
_bART _cOctober2021 |
||
| 655 |
_vReading book _934232 |
||
| 700 | 1 |
_916249 _aصلاح، سامي، _eمترجم. _eمقدم. |
|
| 700 |
_916250 _aراغب، نبيل، _eمراجع. |
||
| 942 |
_2ddc _cBB |
||
| 999 |
_c14515 _d14515 |
||